00384nam a2200145Ia 4500008004100000020001800041041000800059082001500067100002300082245003400105250000700139260003800146300001700184650003700201210716s2013 xx 000 0 und d a9788131516843 aeng a657.3 GIBC aGibson, Charles H. aFinancial statement analysis. a13 aNew DelhibCengage Learningc2013 axx, 664/2017 aFinancial Reporting and Analyais